| 000 | 00792nam a2200253 a 4500 | ||
|---|---|---|---|
| 001 | BRL_1764 | ||
| 005 | 20190320211346.0 | ||
| 008 | 280715s1988----mx-#######---#000-0#spa-# | ||
| 020 | _a9681627652 | ||
| 041 | _aspa | ||
| 044 | _amx | ||
| 050 | 4 |
_aBL600 _b.S33 1988 |
|
| 100 | 1 |
_aScarduelli, Pietro _927812 |
|
| 245 | 1 | 0 |
_aDioses, espíritus, ancestros _belementos para la compresion de sistemas rituales _cPietro scarduelli ; traducción de Stella Mastrangelo |
| 260 |
_aMéxico _bFondo de Cultura Económica _c1988 |
||
| 300 | _a195 p. | ||
| 500 | _aAu2000 | ||
| 500 | _aTraduccion de : il rito dei spiriti antenati | ||
| 504 | _aBibliografía: p. 185-194 | ||
| 650 | 1 | 4 |
_aRitos y ceremonias _927813 |
| 700 | 1 |
_aMastrangelo, Stella, _etr. _94632 |
|
| 902 | _aGRL | ||
| 942 |
_2lcc _cB |
||
| 999 |
_c10572 _d10572 |
||